| 000 | 00436nam a2200157 4500 | ||
|---|---|---|---|
| 001 | 148134 | ||
| 003 | ES-MaACL | ||
| 005 | 20230906202442.0 | ||
| 007 | t| | ||
| 008 | 070214s1949 uy r ||||1| spa d | ||
| 100 | 1 |
_aStagno, Juan R. _9107856 |
|
| 245 | 1 | 0 |
_aCuentos aldeanos / _cJuan R. Stagno. |
| 260 |
_aPaysandĂș (Uruguay) : _b[s. n.], _c1949 ( _fImp. Letras) |
||
| 300 |
_a122 p. ; _c19 cm. |
||
| 852 |
_aES-MaACL _jD-5258 _bR.29290 |
||
| 999 |
_c148134 _d148134 |
||